Rozpoznaj miasto po tablicy rejestracyjnej woj.lubelskie - Statystyki

Ogólne statystyki
  • Ten quiz został rozwiązany 253 razy
  • Średni wynik to 15 z 24
Statystyki odpowiedzi
Rejestracja Miasto / powiat Odpowiedź % Poprawnych
LU Miasto Lublin
95%
LZ Miasto Zamość
91%
LC Miasto Chełm
89%
LB Miasto Biała Podlaska
76%
LCH powiat chełmski
73%
LHR powiat hrubieszowski
72%
LUB powiat lubelski
68%
LPU powiat puławski
68%
LZA powiat zamojski
68%
LJA powiat janowski
64%
LKR powiat kraśnicki
64%
LTM powiat tomaszowski
63%
LOP powiat opolski
59%
LSW powiat świdnicki
59%
LRY powiat rycki
58%
LLB powiat lubartowski
56%
LWL powiat włodawski
56%
LPA powiat parczewski
52%
LRA powiat radzyński
50%
LBL powiat biłgorajski
49%
LBI powiat bialski
45%
LLE powiat łęczyński
42%
LKS powiat krasnostawski
41%
LLU powiat łukowski
41%
Nie znaleziono quizów pasujących do podanych kryteriów
Rozkład punktacji
Procent ludzi z każdym wynikiem
Percentyl według liczby udzielonych odpowiedzi
Twoja historia wyników
Nie rozwiązałeś tego quizu